[Event "AUTO-ADV-4221"]
[Site "http://www.queenalice.com/game.php?id=1580583"]
[Date "2019.8.17"]
[Round "1"]
[White "chessman"]
[Black "renato"]
[Result "1-0"]
[WhiteElo "2085"]
[BlackElo "1787"]

1. e4 e6 2. d4 d5 3. e5 Nc6 4. f4 Bd7 5. c3 a6 6. Nf3 h6 7. Bd3 b5 8. O-O g6 9.
Qc2 Qe7 10. a4 bxa4 11. c4 Nb4 12. Qe2 Nxd3 13. Qxd3 dxc4 14. Qc3 1-0

[Event "AUTO-ADV-4503"]
[Site "http://www.queenalice.com/game.php?id=1760553"]
[Date "2021.5.26"]
[Round "1"]
[White "Gera"]
[Black "renato"]
[Result "1-0"]
[WhiteElo "2028"]
[BlackElo "1797"]

1. e4 e5 2. d3 h6 3. f4 exf4 4. Bxf4 d6 5. Nf3 Bg4 6. Be2 Bxf3 7. Bxf3 Nc6 8.
O-O Ne5 9. Nc3 Nxf3+ 10. Qxf3 Nf6 11. Be3 Be7 12. d4 Rf8 13. Rad1 c6 14. e5 dxe5
15. dxe5 Nd7 16. e6 1-0

[Event "AUTO-ADV-4503"]
[Site "http://www.queenalice.com/game.php?id=1760554"]
[Date "2021.5.26"]
[Round "1"]
[White "renato"]
[Black "Gera"]
[Result "0-1"]
[WhiteElo "1791"]
[BlackElo "2129"]

1. e4 e5 2. Nf3 d6 3. h3 f5 4. d3 Be7 5. Nc3 Nf6 6. Bd2 O-O 7. Qe2 fxe4 8. dxe4
Nc6 9. g4 Bd7 10. Rg1 Be8 11. O-O-O Bf7 12. a3 Nd4 13. Nxd4 exd4 14. Nb1 Nd7 15.
Qd3 c5 16. f4 Qb6 17. Qb5 Qc7 18. Bc4 a6 19. Bxf7+ Rxf7 20. Qc4 b5 21. Qe2 c4
22. c3 d3 23. Qg2 Nc5 24. Rdf1 d5 25. e5 Nb3+ 26. Kd1 Bc5 27. Rh1 Rd8 28. Rf3 d4
29. Rh2 Re8 30. Qf1 Qc6 0-1

[Event "AUTO-ADV-4503"]
[Site "http://www.queenalice.com/game.php?id=1760567"]
[Date "2021.5.26"]
[Round "1"]
[White "renato"]
[Black "askasl159"]
[Result "1-0"]
[WhiteElo "1744"]
[BlackElo "1816"]

1. e4 e5 2. d4 exd4 3. Qxd4 Nc6 4. Qd1 Bc5 5. Nf3 h6 6. Bc4 Nge7 7. a3 a6 8. b4
Bb6 9. Bb2 O-O 10. O-O d6 11. h3 Be6 12. Bd5 Qd7 13. Nc3 Ra7 14. Re1 Bxd5 15.
exd5 Ne5 16. Nh2 c5 17. dxc6 bxc6 18. Ne4 Nc4 19. Bc3 Nd5 20. Bd4 Bxd4 21. Qxd4
Ncb6 22. c4 Nxc4 23. Qxc4 Re8 24. Nd2 Rxe1+ 25. Rxe1 Nb6 26. Qc2 a5 27. bxa5
Rxa5 28. Qb2 Na4 29. Qb4 Qc7 30. Re8+ Kh7 31. Qe4+ g6 32. Ng4 Nc5 33. Nf6+ Kg7
34. Qd4 Nd7 35. Nh5+ Kh7 36. Qh8# 1-0

[Event "AUTO-ADV-4503"]
[Site "http://www.queenalice.com/game.php?id=1760568"]
[Date "2021.5.26"]
[Round "1"]
[White "askasl159"]
[Black "renato"]
[Result "0-1"]
[WhiteElo "1797"]
[BlackElo "1763"]

1. e4 e5 2. f4 d6 3. Nf3 Bg4 4. Be2 Bxf3 5. Bxf3 exf4 6. O-O Nc6 7. d4 g5 8. h3
Bg7 9. b3 Bxd4+ 10. Kh1 Bxa1 11. c3 Ne5 12. Qc2 Qf6 13. Bd2 Nxf3 14. gxf3 Qe6
15. Kg2 h5 16. Na3 Bxc3 17. Qxc3 Rh6 18. Qxc7 Qd7 19. Qc3 Rc8 20. Qd4 a6 21. Nc4
Rc6 22. Nb6 Qe6 23. Nd5 Kf8 24. Bc3 Rg6 25. Rg1 h4 26. Kh2 Qe5 27. Qd3 Qe6 28.
Rd1 Ne7 29. Nb4 Rc8 30. Qd4 Qe5 31. Qxe5 dxe5 32. Bxe5 Nc6 33. Nxc6 Rgxc6 34.
Rd2 Rc2 35. Rxc2 Rxc2+ 36. Kg1 Rxa2 37. Bf6 Ra3 38. Bxg5 Rxb3 39. Kg2 Rb2+ 40.
Kg1 Kg8 41. Bxh4 b5 42. Bg5 b4 43. Bxf4 b3 44. Be5 Rc2 0-1

[Event "AUTO-ADV-4503"]
[Site "http://www.queenalice.com/game.php?id=1760569"]
[Date "2021.5.26"]
[Round "1"]
[White "renato"]
[Black "forever"]
[Result "0-1"]
[WhiteElo "1804"]
[BlackElo "1696"]

1. e4 e5 2. Nc3 Nc6 3. Nf3 a6 4. Be2 Nf6 5. d3 d5 6. Bg5 d4 7. Nd5 Be7 8. Bxf6
Bxf6 9. Nxf6+ Qxf6 10. h3 Qg6 11. g4 Be6 12. a3 f6 13. Qd2 Qf7 14. Nh4 Ne7 15.
Qb4 b6 16. Nf5 Nc6 17. Qd2 g6 18. Ng3 a5 19. f4 Bd7 20. f5 O-O-O 21. a4 Nb4 22.
c3 dxc3 23. bxc3 Na6 24. d4 Nb8 25. d5 Bc6 26. c4 Na6 27. Qc3 Bb7 28. O-O-O Qe7
29. Rd2 Qc5 30. Rhd1 Nb4 31. Nf1 h5 32. Ne3 hxg4 33. Bxg4 Kb8 34. Nc2 Na2+ 35.
Kb2 Nxc3 36. Kxc3 Ba6 37. fxg6 Qxc4+ 38. Kb2 Qxa4 39. Re1 Bc4 40. Ra1 Qb3+ 41.
Kc1 Qg3 42. Ra3 Qf4 43. Rf3 Qxe4 44. Rxf6 Bxd5 45. Re2 Qh1+ 46. Re1 Qg2 47. Re2
Qg1+ 48. Re1 Qc5 49. Rxe5 Rhe8 50. Rxe8 Rxe8 51. h4 Qg1+ 52. Bd1 Rg8 53. h5 Qg5+
0-1

[Event "AUTO-ADV-4503"]
[Site "http://www.queenalice.com/game.php?id=1760570"]
[Date "2021.5.26"]
[Round "1"]
[White "forever"]
[Black "renato"]
[Result "0-1"]
[WhiteElo "1709"]
[BlackElo "1784"]

1. Nf3 e6 2. d4 d5 3. c4 Bb4+ 4. Nc3 Bxc3+ 5. bxc3 dxc4 6. e4 b5 7. a4 c6 8. Ba3
h6 9. Ne5 Bb7 10. Qf3 Qf6 11. Qg3 Nd7 12. Bd6 Qg5 13. Qf3 Nxe5 14. Bxe5 Rd8 15.
Rd1 Rd7 16. Bf4 Qe7 17. Qg3 g5 18. Be3 a6 19. Be2 Nf6 20. Qe5 Rg8 21. O-O Nh7
22. axb5 axb5 23. Ra1 Qd6 24. Qg3 Qxg3 25. fxg3 f6 26. Bg4 Ke7 27. d5 cxd5 28.
Rfd1 Rgd8 29. Bh5 Nf8 30. Bc5+ Rd6 31. Ra7 Rd7 32. exd5 Bxd5 33. Rxd7+ Nxd7 34.
Bxd6+ Kxd6 35. Kf2 Ne5 36. Be8 Kc5 37. Ra1 Kb6 38. h3 Nd3+ 39. Kf1 Nc5 40. Bh5
Na4 41. Rc1 Nc5 42. Bf3 Nd3 43. Rc2 b4 44. Bxd5 b3 45. Rd2 exd5 46. Ke2 b2 47.
Rd1 Ka5 48. Kd2 Ka4 49. Kc2 Ka3 50. Kb1 Kb3 51. Rf1 Kxc3 52. Rxf6 Nb4 53. g4 d4
54. Rxh6 d3 0-1

[Event "AUTO-ADV-4507"]
[Site "http://www.queenalice.com/game.php?id=1761548"]
[Date "2021.6.6"]
[Round "1"]
[White "Jsc"]
[Black "renato"]
[Result "1/2-1/2"]
[WhiteElo "1866"]
[BlackElo "1812"]

1. e4 e5 2. Nf3 d6 3. Bc4 h6 4. O-O Nf6 5. Re1 Bg4 6. c3 Bxf3 7. Qxf3 Be7 8. d4
O-O 9. Be3 c6 10. Bb3 a5 11. a4 Qd7 12. Na3 Qg4 13. Qxg4 Nxg4 14. f3 Nxe3 15.
Rxe3 Bg5 16. Re2 Kh8 17. Nc4 exd4 18. cxd4 Rd8 19. Rd1 Ra7 20. g3 b5 21. axb5
cxb5 22. Nb6 a4 23. Bc2 Rb7 24. Nd5 Nc6 25. f4 Be7 26. Rd3 Bf8 27. Rc3 Nxd4 28.
Rf2 Nxc2 29. Rfxc2 Rdb8 30. Rc7 Rxc7 31. Rxc7 f6 32. Nc3 Kg8 33. Ra7 Kh8 34. Ra5
Kg8 35. Kf2 Kf7 36. Ke3 Ke6 37. Kd4 g6 38. g4 Rb7 39. f5+ gxf5 40. gxf5+ Kd7 41.
Ra8 Ke7 42. Kd5 Rc7 43. Rb8 Rc5+ 44. Kd4 Rc4+ 45. Kd3 Rb4 46. Rxb5 Rxb5 47. Nxb5
Kd7 48. Nc3 Kc6 49. Kc4 Be7 50. Nxa4 Bd8 51. b4 Bc7 52. b5+ Kb7 53. Kd5 h5 54.
Ke6 d5 55. exd5 Bxh2 56. Nc3 Be5 57. Ne2 h4 58. Ng1 Bd4 59. Nh3 Kc7 60. d6+ Kd8
61. Kd5 Ba7 62. Kc6 Kc8 63. b6 Bb8 64. Kd5 Kd7 65. b7 Bxd6 66. Ke4 Kc7 67. b8=Q+
Kxb8 68. Kf3 Kc7 69. Nf4 Kd7 70. Nh5 Ke7 71. Nxf6 Kxf6 72. Kg4 Bg3 73. Kh3 Kxf5
74. Kg2 Kf4 75. Kh3 Ke3 76. Kg2 Ke2 77. Kh1 h3 78. Kg1 1/2-1/2

[Event "AUTO-ADV-4507"]
[Site "http://www.queenalice.com/game.php?id=1761549"]
[Date "2021.6.6"]
[Round "1"]
[White "renato"]
[Black "Jsc"]
[Result "1-0"]
[WhiteElo "1769"]
[BlackElo "1896"]

1. e4 e6 2. d4 d5 3. e5 c5 4. Bb5+ Nc6 5. c3 a6 6. Bxc6+ bxc6 7. Nf3 cxd4 8.
cxd4 c5 9. O-O c4 10. Nc3 Ne7 11. b3 cxb3 12. axb3 Nf5 13. Bg5 Qb6 14. Na4 Qb4
15. g4 Ne7 16. Bd2 Qb5 17. Nc3 Qd7 18. Nh4 Nc6 19. Ne2 Be7 20. Ng2 O-O 21. f4 f5
22. exf6 gxf6 23. Kh1 Kh8 24. Qc2 e5 25. fxe5 Qxg4 26. exf6 Qxe2 27. Rae1 Rxf6
28. Rxf6 1-0

[Event "AUTO-ADV-4507"]
[Site "http://www.queenalice.com/game.php?id=1761560"]
[Date "2021.6.6"]
[Round "1"]
[White "rich"]
[Black "renato"]
[Result "1-0"]
[WhiteElo "1968"]
[BlackElo "1814"]

1. e4 e5 2. Nf3 d6 3. d4 Bg4 4. dxe5 Bxf3 5. Qxf3 dxe5 6. Bc4 Qf6 7. Qb3 b6 8.
O-O Bc5 9. Nc3 Ne7 10. Nb5 Qc6 11. Bxf7+ Kd8 12. Rd1+ Nd7 13. Bg5 Rf8 14. Bh4 a6
15. Nc3 Kc8 16. Bxe7 Bxe7 17. Bd5 1-0

[Event "AUTO-ADV-4507"]
[Site "http://www.queenalice.com/game.php?id=1761561"]
[Date "2021.6.6"]
[Round "1"]
[White "renato"]
[Black "rich"]
[Result "1/2-1/2"]
[WhiteElo "1801"]
[BlackElo "2069"]

1. e4 c5 2. b3 Nc6 3. Bb2 d6 4. Bb5 Bd7 5. Nf3 e5 6. Bc4 Be7 7. Nc3 Nf6 8. Nd5
Nxe4 9. Nxe7 Qxe7 10. Bd5 Nf6 11. Bxc6 Bxc6 12. O-O O-O 13. Re1 Qd7 14. d3 Rfe8
15. Re2 b6 16. Ne1 Qb7 17. f3 Nd5 18. c4 Nf4 19. Re3 Ne6 20. Qe2 Nd4 21. Qf2 f5
22. Bxd4 cxd4 23. Re2 d5 24. Nc2 dxc4 25. bxc4 Rad8 26. Rae1 Qc7 27. Nb4 Bb7 28.
h3 a5 29. Nc2 e4 30. fxe4 fxe4 31. Rd1 e3 32. Qh4 Qd6 33. Rf1 Qg6 34. Qg4 Re6
35. Qxg6 Rxg6 36. Rf4 Rgd6 37. Ne1 Rg6 38. Kh2 Rf6 39. Rxf6 gxf6 40. Nc2 Bc6 41.
Na1 a4 42. a3 Kf7 43. Nc2 f5 44. g3 Ke6 45. Nb4 Bf3 46. Re1 Rf8 47. Kg1 h5 48.
h4 f4 49. Kh2 fxg3+ 50. Kxg3 Bg4 51. Nc6 Rf3+ 52. Kg2 Rf4 53. Kg3 Rf3+ 54. Kg2
Rf2+ 55. Kg3 Rf3+ 56. Kg2 1/2-1/2

[Event "AUTO-ADV-4507"]
[Site "http://www.queenalice.com/game.php?id=1761568"]
[Date "2021.6.6"]
[Round "1"]
[White "renato"]
[Black "maurice91"]
[Result "1-0"]
[WhiteElo "1790"]
[BlackElo "1928"]

1. e4 c6 2. d4 d5 3. e5 Bf5 4. Bd3 Bxd3 5. Qxd3 e6 6. Nf3 c5 7. c4 Nc6 8. cxd5
Qxd5 9. Be3 cxd4 10. Bxd4 O-O-O 11. Nc3 Qa5 12. O-O-O Nxd4 13. Nxd4 Kb8 14. Qb5
Bb4 15. Nc6+ Kc7 16. Nxa5 Bxc3 17. Qxb7# 1-0

[Event "AUTO-ADV-4535"]
[Site "http://www.queenalice.com/game.php?id=1769009"]
[Date "2021.9.7"]
[Round "1"]
[White "Josecso2007"]
[Black "renato"]
[Result "0-1"]
[WhiteElo "1913"]
[BlackElo "1794"]

1. e4 e6 2. d4 d5 3. e5 Nc6 4. c3 Bd7 5. Nf3 h6 6. Be2 Nge7 7. O-O Nf5 8. b4 a6
9. Bd3 Nfe7 10. a4 b6 11. Bb2 g5 12. h3 Bg7 13. Qe2 Qc8 14. Nbd2 Qb7 15. b5 axb5
16. Bxb5 f6 17. Nh2 h5 18. f4 gxf4 19. Rxf4 f5 20. Rh4 O-O-O 21. Rxh5 Rxh5 22.
Qxh5 Rh8 23. Qf7 Bf8 24. Ba3 Kd8 25. Nhf3 Be8 26. Qxe6 Rh6 27. Bxe7+ Nxe7 28.
Ng5 Rxe6 29. Nxe6+ Kc8 30. Nxf8 Bxb5 31. axb5 c6 32. bxc6 Qxc6 33. Nb3 Kb7 34.
Rc1 Qc4 35. Nd2 Qd3 36. Nb3 Qb5 37. Rb1 Qe8 38. Ne6 Qc8 39. Nf4 Qxc3 40. Kh2 Qc2
41. Re1 Qxb3 42. h4 Qc3 43. Rd1 Qc2 44. Re1 Qd2 0-1

[Event "AUTO-ADV-4535"]
[Site "http://www.queenalice.com/game.php?id=1769010"]
[Date "2021.9.7"]
[Round "1"]
[White "renato"]
[Black "Josecso2007"]
[Result "0-1"]
[WhiteElo "1789"]
[BlackElo "1887"]

1. e4 e5 2. Nf3 Nf6 3. d3 d6 4. h3 h6 5. Be2 Be7 6. b3 c5 7. c4 Nc6 8. Nc3 Be6
9. Be3 Nh7 10. Qd2 g5 11. g4 Qd7 12. a3 Na5 13. Rb1 b6 14. O-O Nf6 15. Nh2 Rh7
16. f3 O-O-O 17. b4 cxb4 18. axb4 Nb7 19. b5 Kc7 20. Na4 Ra8 21. Qc2 Rhh8 22.
Rfc1 Rac8 23. Rb2 Kb8 24. Qd2 Bd8 25. Rbc2 Nh7 26. d4 exd4 27. Bxd4 f6 28. Bd3
h5 29. Qf2 hxg4 30. fxg4 Nf8 31. Bxf6 Rxh3 32. Qf1 Bxg4 33. Bxd8 Rxd8 34. Nxg4
Qxg4+ 35. Rg2 Qh4 36. Rh2 Rxh2 37. Qf3 g4 0-1

[Event "AUTO-ADV-4535"]
[Site "http://www.queenalice.com/game.php?id=1769025"]
[Date "2021.9.7"]
[Round "1"]
[White "renato"]
[Black "e4d4sf3"]
[Result "0-1"]
[WhiteElo "1790"]
[BlackElo "2041"]

1. c4 e5 2. d4 d6 3. e4 Nc6 4. d5 Nce7 5. h3 f5 6. exf5 Bxf5 7. Bg5 h6 8. Be3
Nf6 9. Nd2 c6 10. Qa4 Bd7 11. Ne4 Nxe4 0-1

[Event "AUTO-ADV-4535"]
[Site "http://www.queenalice.com/game.php?id=1769026"]
[Date "2021.9.7"]
[Round "1"]
[White "e4d4sf3"]
[Black "renato"]
[Result "1-0"]
[WhiteElo "2074"]
[BlackElo "1790"]

1. e4 e6 2. d4 d5 3. Nc3 Bb4 4. e5 a6 5. Qg4 Bf8 6. f4 h5 7. Qd1 Nc6 8. Nf3 Bb4
9. Bd3 Bd7 10. Be3 Nh6 11. O-O Ng4 12. Qe2 f5 13. exf6 Nxf6 14. Ne5 Nxe5 15.
fxe5 Ng8 16. Bg6+ 1-0

[Event "AUTO-ADV-4535"]
[Site "http://www.queenalice.com/game.php?id=1769027"]
[Date "2021.9.7"]
[Round "1"]
[White "renato"]
[Black "Becket"]
[Result "1-0"]
[WhiteElo "1777"]
[BlackElo "1810"]

1. e4 e5 2. Nf3 d6 3. h3 Be7 4. d4 exd4 5. Qxd4 Nf6 6. Nc3 Nc6 7. Qd1 a6 8. b3
Ne5 9. Nxe5 dxe5 10. Qxd8+ Bxd8 11. Bb2 c6 12. O-O-O O-O 13. f3 b5 14. g4 Bb6
15. Ne2 Re8 16. Ng3 Bb7 17. g5 Be3+ 18. Kb1 Bxg5 19. h4 Bf4 20. Nf5 Nh5 21. Rg1
g6 22. Nd6 Red8 23. Be2 Rd7 24. Nxb7 Rxb7 25. Rd6 Rc8 26. Rgd1 Rbb8 27. Bc1 Bxc1
28. Kxc1 Nf4 29. Bf1 Ne6 30. Bh3 Rd8 31. Bxe6 Rxd6 32. Rxd6 fxe6 33. Rxe6 Rc8
34. Rxe5 Kg7 35. Kd2 Kf6 36. f4 Rc7 37. c3 Re7 38. Rxe7 Kxe7 39. Ke3 c5 40. a3
Ke6 41. b4 cxb4 42. cxb4 h6 43. Kd4 1-0

[Event "AUTO-ADV-4535"]
[Site "http://www.queenalice.com/game.php?id=1769028"]
[Date "2021.9.7"]
[Round "1"]
[White "Becket"]
[Black "renato"]
[Result "1/2-1/2"]
[WhiteElo "1826"]
[BlackElo "1790"]

1. d4 d5 2. e3 Nf6 3. Nf3 Bg4 4. Be2 Bxf3 5. Bxf3 e6 6. O-O Be7 7. Be2 a6 8. c4
O-O 9. cxd5 exd5 10. Nd2 c5 11. dxc5 Bxc5 12. Nb3 Bb4 13. Bd2 Bd6 14. Nd4 Nc6
15. Nxc6 bxc6 16. Bc3 Ne4 17. Qd4 Nxc3 18. Qxc3 Re8 19. Qxc6 Be5 20. Rab1 Re6
21. Qc2 Bxh2+ 22. Kxh2 Qh4+ 23. Kg1 Rh6 24. f3 Qh1+ 25. Kf2 Qh4+ 26. Kg1 Qh1+
1/2-1/2

[Event "AUTO-ADV-4543"]
[Site "http://www.queenalice.com/game.php?id=1770851"]
[Date "2021.9.27"]
[Round "1"]
[White "askasl159"]
[Black "renato"]
[Result "1-0"]
[WhiteElo "1599"]
[BlackElo "1855"]

1. e4 e5 2. f4 d6 3. Nf3 Bg4 4. h3 Bxf3 5. Qxf3 Qf6 6. Bc4 Nc6 7. O-O Nd4 8. Qd3
Nh6 9. fxe5 Qxe5 10. c3 Nc6 11. Qd5 Qxd5 12. Bxd5 Be7 13. d4 f6 14. Bxc6+ bxc6
15. Bxh6 gxh6 16. Nd2 O-O-O 17. Rf4 Rhg8 18. d5 cxd5 19. exd5 Rg5 20. c4 Rdg8
21. Rf2 f5 22. Nf3 Rg3 23. Nd4 Rxh3 24. Nxf5 Bf6 25. Nxd6+ cxd6 26. Rxf6 Rhg3
27. Rf2 h5 28. Kh2 R8g7 29. Raf1 R3g4 30. b3 Kb7 31. a3 Rh4+ 32. Kg1 Rhg4 33.
Rf7+ Kb6 34. Rxg7 Rxg7 35. Rf3 a5 36. b4 axb4 37. axb4 Rc7 38. Rf4 Kb7 39. Kh2
1-0

[Event "AUTO-ADV-4543"]
[Site "http://www.queenalice.com/game.php?id=1770852"]
[Date "2021.9.27"]
[Round "1"]
[White "renato"]
[Black "askasl159"]
[Result "1-0"]
[WhiteElo "1842"]
[BlackElo "1580"]

1. e4 e5 2. Nf3 d5 3. Nxe5 dxe4 4. d3 exd3 5. Qxd3 Qxd3 6. Bxd3 h6 7. O-O Bd6 8.
Re1 Ne7 9. Nf3 O-O 10. b3 Be6 11. Bb2 Nbc6 12. Nbd2 a6 13. Re2 Rfe8 14. Rae1 Nd5
15. g3 Re7 16. c4 Nf6 17. Bxf6 gxf6 18. Bf5 Bb4 19. Bxe6 fxe6 20. Rxe6 Rxe6 21.
Rxe6 Kf7 22. Re2 Re8 23. Rxe8 Kxe8 24. Ne4 Ne5 25. Nxe5 fxe5 26. Kf1 Ke7 27. Ke2
c5 28. f3 b5 29. cxb5 axb5 30. h4 c4 31. bxc4 bxc4 32. g4 Ke6 33. Ke3 Kd5 34. g5
hxg5 35. hxg5 Bf8 36. Nc3+ Kc5 37. a3 1-0

[Event "AUTO-ADV-4543"]
[Site "http://www.queenalice.com/game.php?id=1770865"]
[Date "2021.9.27"]
[Round "1"]
[White "francisc059"]
[Black "renato"]
[Result "1/2-1/2"]
[WhiteElo "2013"]
[BlackElo "1812"]

1. e4 e5 2. Nf3 d6 3. d4 Nc6 4. dxe5 Nxe5 5. Nxe5 dxe5 6. Qxd8+ Kxd8 7. Bc4 Ke8
8. Nc3 Bb4 9. Bd2 f6 10. O-O-O Bd7 11. a3 Bc5 12. f3 Ne7 13. Nd5 Nxd5 14. Bxd5
c6 15. Bb3 Kd8 16. Bc3 Kc7 17. Rd3 Rad8 18. Rhd1 Bc8 19. Rxd8 Rxd8 20. Rxd8 Kxd8
21. Bg8 h6 22. Bh7 Bg1 23. h3 Bh2 24. Bb4 Ke8 25. Bc5 Bf4+ 26. Kd1 b6 27. Bf2
Kf7 28. Bf5 Bxf5 29. exf5 h5 30. g3 Bh6 31. g4 hxg4 32. hxg4 Bf4 33. c4 Ke7 34.
Kc2 Kd6 35. Kd3 Bc1 36. Kc2 Bf4 37. Kd3 Bc1 38. Kc2 Bf4 1/2-1/2

[Event "AUTO-ADV-4543"]
[Site "http://www.queenalice.com/game.php?id=1770866"]
[Date "2021.9.27"]
[Round "1"]
[White "renato"]
[Black "francisc059"]
[Result "1/2-1/2"]
[WhiteElo "1848"]
[BlackElo "2011"]

1. e4 e5 2. Nf3 Nc6 3. b3 a5 4. Bb2 a4 5. bxa4 Rxa4 6. d3 Bc5 7. Nxe5 Bxf2+ 8.
Kxf2 Qf6+ 9. Qf3 Nxe5 10. Qxf6 gxf6 11. Be2 d6 12. Rf1 Bg4 13. Bxg4 Nxg4+ 14.
Kg1 Ne3 15. Rf2 Nd1 16. Bxf6 Nxf6 17. Rxf6 Ne3 18. h3 Ra5 19. Rf2 Rc5 20. c4 b5
21. Nd2 bxc4 22. Nxc4 Nxc4 23. dxc4 Rxc4 24. Re2 Rg8 25. Rae1 f6 26. g4 h5 27.
Rg2 hxg4 28. hxg4 c5 29. Ree2 Kd7 30. Kf2 Ke6 31. Kf3 Ke5 32. Re3 Rh8 33. Rge2
Ra4 34. Kg3 Rh7 35. Rd2 Rd4 36. Rf2 Ra7 37. Rf5+ Ke6 38. a3 Rda4 39. Rff3 Ke5
40. Rf5+ Ke6 41. Rff3 Ke5 1/2-1/2

[Event "AUTO-ADV-4543"]
[Site "http://www.queenalice.com/game.php?id=1770875"]
[Date "2021.9.27"]
[Round "1"]
[White "renato"]
[Black "MMA34"]
[Result "1-0"]
[WhiteElo "1820"]
[BlackElo "1965"]

1. e4 c5 2. b3 d6 3. Bb2 Nf6 4. d3 e6 5. Nf3 Be7 6. Be2 O-O 7. Nc3 Nc6 8. a3 a6
9. h3 b5 10. O-O Bb7 11. Qd2 Qc7 12. Nh2 Nd4 13. f4 b4 14. axb4 cxb4 15. Nd1
Nxe2+ 16. Qxe2 Rac8 17. Ne3 h6 18. Rfc1 Qb6 19. Ng4 Qd8 20. Nxf6+ Bxf6 21. Bxf6
Qxf6 22. Qf2 Qd4 23. Ng4 Qxf2+ 24. Nxf2 Rc7 25. Nd1 Rfc8 26. Ne3 f6 27. g4 Kf7
28. Kf2 Ke7 29. h4 Kf7 30. Nc4 d5 31. Nd6+ Ke7 32. Nxc8+ Rxc8 33. exd5 exd5 34.
Re1+ Kd6 35. Re2 Kd7 36. Rae1 Rg8 37. Re7+ 1-0